000 00647nam a2200205Ia 4500
003 GCL
008 140319s9999 xx 000 0 ara d
040 _aGCL /
_cGCL
082 0 4 _a364.2
_bع م
100 1 _aعبدالرحمن عيسوى
245 1 0 _aمبحث الجريمة : دراسة فى تفسير الجريمة والوقاية منها /
_cعبدالرحمن عيسوى
300 _a215 ص
490 _a
650 0 4 _aالجريمة والمجرمون
650 0 4 _aالعنف
650 0 4 _aعلم النفس الجنائى
650 0 4 _aالعدوانية
650 0 4 _aعلم الاجرام - تاريخ
942 _2ddc
_cBK
999 _c39178
_d39178